000 00644cam a22001457a 4500
082 _a625.77
_bGAR
100 1 _aGarmhausen, Wilbur J.
_943777
245 1 0 _aMechanization of roadside operations :
_ba summary of the reports on equipment for roadside operations by a special project committee of the Committee on Roadside Development /
_cWilbur J. Garmhausen.
260 _aWashington, D.C. :
_bHighway Research Board,
_c1953.
300 _aii, 37 p. :
_bill. ;
_c28 cm.
490 1 _aSpecial report / Highway Research Board ;
526 _a0
_b0
_c0
_d625_770000000000000_GAR
710 2 _aNational Research Council (U.S.).
_920017
942 _2ddc
_cBK
999 _c547632
_d547632